Introducción a la biografía del Canciller Ayala / (Record no. 47099)

MARC details
000 -LEADER
campo de control de longitud fija 00801nam a2200205 i 4500
001 - NÚMERO DE CONTROL
campo de control 47099
003 - IDENTIFICADOR DE NÚMERO DE CONTROL
campo de control ES-MaACL
005 - FECHA Y HORA DE LA ÚLTIMA TRANSACCIÓN
campo de control 20240701115501.0
007 - CAMPO FIJO DE DESCRIPCIÓN FÍSICA--INFORMACIÓN GENERAL
campo de control de longitud fija t|
008 - DATOS DE LONGITUD FIJA--INFORMACIÓN GENERAL
campo de control de longitud fija 030403s1972 sp ||||1| spa d
100 1# - ENTRADA PRINCIPAL--NOMBRE DE PERSONA
Nombre de persona Lozoya, Juan de Contreras y López de Ayala,
Títulos y otros términos asociados al nombre Marqués de,
Fechas asociadas al nombre 1893-1978
9 (RLIN) 129112
245 10 - MENCIÓN DEL TÍTULO
Título Introducción a la biografía del Canciller Ayala /
Mención de responsabilidad, etc. con apéndices documentales acopiados por Juna Contreras y López de Ayala ; prólogo Javier de Ybarra y Bergé.
250 ## - MENCION DE EDICION
Mención de edición 2ª ed. amp.
260 ## - PUBLICACIÓN, DISTRIBUCIÓN, ETC.
Lugar de publicación, distribución, etc. [Bilbao] :
Nombre del editor, distribuidor, etc. Junta de Cultura de Vizcaya,
Fecha de publicación, distribución, etc. 1972.
300 ## - DESCRIPCIÓN FÍSICA
Extensión 177 p., 9 lám. ;
Dimensiones 21 cm.
600 14 - PUNTO DE ACCESO ADICIONAL DE MATERIA--NOMBRE DE PERSONA
Nombre de persona López de Ayala, Pedro,
Fechas asociadas al nombre 1332-1407
9 (RLIN) 73530
700 1# - ENTRADA AGREGADA--NOMBRE PERSONAL
Nombre de persona Ybarra y Bergé, Javier de.
9 (RLIN) 64964
852 ## - LOCALIZACIÓN
Ubicación ES-MaACL
Número de control de estantería C-566602
Sublocalización o colección R.89234
Holdings
Estatus retirado Estado de pérdida Estado de daño No para préstamo Biblioteca de origen Biblioteca actual Ubicación en estantería Fecha de adquisición Fuente de adquisición Total de préstamos Signatura topográfica completa Código de barras Visto por última vez Precio de reemplazo Tipo de ítem Koha
        Biblioteca del Ateneo de Madrid Biblioteca del Ateneo de Madrid Depósito 2 17/01/2008     C-566602 1049541 23/02/2023 23/02/2023 Libro impreso